|
|
|
|
| LEADER |
00000cam a2200000 7i4500 |
| 001 |
0000000757 |
| 005 |
20000929.0 |
| 020 |
0 |
0 |
|a 9839592467
|
| 090 |
0 |
0 |
|a 634.909595117
|b GUI 1995
|
| 245 |
0 |
2 |
|a A GUIDEBOOK to Pasoh
|c edited by S. S. Lee
|
| 260 |
0 |
0 |
|a Kuala Lumpur :
|b Forest Research Institute Malaysia ,
|c 1995
|
| 300 |
|
|
|a 73 p. :
|b col. ill. ;
|c 23 cm.
|
| 440 |
0 |
0 |
|a FRIM technical information handbook; n. 3
|
| 500 |
0 |
0 |
|a Includes bibliographical references
|
| 650 |
0 |
0 |
|a Forest ecology
|z Negeri Sembilan
|z Pasoh
|
| 650 |
0 |
0 |
|a Forest reserves
|z Negeri Sembilan
|z Pasoh
|
| 650 |
0 |
0 |
|a Hutan Simpan Pasoh (Negeri Sembilan)
|x Guide books
|
| 650 |
0 |
0 |
|a Zoology
|z Negeri Sembilan
|z Pasoh
|
| 700 |
0 |
1 |
|a Lee
|h Su See
|
| 999 |
|
|
|a 0000000648
|b Monograph
|c Open Shelf
|e Default branch
|